000 00428nam a2200157Ia 4500
008 230524s9999 xx 000 0 und d
082 _a658.12
_bKAP
100 _aK.L.Kapoor
245 0 _a"A Text Book of Physical Chemistry Vol-4: (Dyna. Chemical Reactions, Sta.Thermo)"
250 _a2ND
260 _aNEW DELHI
_bMacmillan
_c2009
300 _aXI;285
500 _aQuantity Number: 5
650 _aChemistry
942 _cBK
999 _c46322
_d46322